| 000 | 00668nam a2200217Ia 4500 | ||
|---|---|---|---|
| 003 | OSt | ||
| 005 | 20250305112753.0 | ||
| 008 | 210719s2009 xx 000 0 und d | ||
| 040 | _cAL | ||
| 041 | _akan | ||
| 082 | _aK894.9 RAMF | ||
| 100 |
_aRAMASVAMI (S) _dರಾಮಸ್ವಾಮಿ (ಎಸ್) _9204141 |
||
| 245 |
_aFrench sahityada parichaya _bಫ್ರೆಂಚ್ ಸಾಹಿತ್ಯದ ಪರಿಚಯ |
||
| 260 |
_aBengaLUru _bUdaya Prakashana _c2009 |
||
| 300 |
_aviii,105 _bPB |
||
| 365 |
_b100 _cRs |
||
| 650 |
_aKannada Criticism _9204142 |
||
| 650 |
_aKannada literature _9204143 |
||
| 906 | _aFrench ; parichaya ; sAhityada | ||
| 942 |
_2ddc _cBK |
||
| 999 |
_c215193 _d215193 |
||